| 000 | 00742nam a2200205 a 4500 | ||
|---|---|---|---|
| 001 | 49204 | ||
| 005 | 20180714033813.0 | ||
| 008 | 140415s1999 000 0 spa d | ||
| 020 | _a0136597076 | ||
| 041 | _aspa | ||
| 082 |
_a005.758 _bOZS |
||
| 100 | 1 | _aÖZSU, M. TAMER | |
| 245 | 1 | 0 | _aPRINCIPLES OF DISTRIBUTED DATABASE SYSTEMS |
| 250 | _a2a ed. | ||
| 260 |
_a[s.l.] : _bPRENTICE HALL, INC., _c1999 |
||
| 300 |
_a410 _c18.4 x 3.5 x 23.4 |
||
| 520 | _aINTHE SECOND EDITION OF THIS BEST-SELLING DISTRIBUTED DATABASE SYSTEMS TEXT, THE AUTHORS ADDRESS NEW AND EMERGING ISSUES IN THE FIELD WHILE MAINTAINING | ||
| 650 | 1 | 4 |
_aBASES DE DATOS RELACIONALES _xBASES DE DATOS DISTRIBUIDAS |
| 700 | 1 |
_aVALDURIEZ, PATRICK _ecoaut. |
|
| 999 |
_c49204 _d49204 |
||